00505nam a2200205Ia 450000500170000000800460001702000180006303700100008104000080009104000080009904000080010704100080011504100080012308400080013124500490013926000320018826000090022065000210022985600490025020260306150040.0008 260114s9999 xx 000 0 eng d a9780874219623 aEbook aCRL beng cCRL 2eng aeng qCRL 0aTransnational Writing Program Administration bUtah State University Press c2014 aLiterary Studies uhttps://www.degruyter.com/isbn/9780874219623